| 000 | 00495nam a2200181 a 4500 | ||
|---|---|---|---|
| 001 | 5701 | ||
| 003 | CO-ViMGA | ||
| 008 | 141112s2004 ck r 000 u spa d | ||
| 020 | _a9589276806 | ||
| 040 |
_aCO-ViMGA _bspa _cCO-ViMGA |
||
| 082 | 0 | 4 | _a341.75 H372 |
| 100 | 1 |
_aHerdegen, Matthias _94145 |
|
| 245 | 1 | 0 | _aDerecho económico internacional |
| 260 |
_aMedellín : _bBiblioteca Jurídica Dike, _c1994 |
||
| 300 | _a308 p | ||
| 650 | 1 | 4 |
_aDERECHO ECONOMICO INTERNACIONAL _94146 |
| 942 |
_2ddc _cBK |
||
| 999 |
_c17682 _d17682 |
||